Dejiny politického a právneho myslenia
Saved in:
| Main Author: | |
|---|---|
| Format: | Book |
| Language: | Slovak |
| Published: |
Bratislava
IURA EDITION
1999
|
| Series: | Vysokoškolské učebnice
|
| Subjects: | |
| Tags: |
No Tags, Be the first to tag this record!
|
MARC
| LEADER | 00000nam a2200000 4500 | ||
|---|---|---|---|
| 001 | c113558 | ||
| 005 | 20221102132538.4 | ||
| 020 | |a 80-88715-39-3 | ||
| 041 | 0 | |a slo | |
| 044 | |a SK | ||
| 245 | 1 | 0 | |a Dejiny politického a právneho myslenia |c Alexander Bröstl |
| 264 | 1 | |a Bratislava |b IURA EDITION |c 1999 | |
| 300 | |a 315 s. | ||
| 490 | 1 | |a Vysokoškolské učebnice | |
| 830 | 0 | |a Vysokoškolské učebnice | |
| 610 | 2 | 0 | |a právo |
| 610 | 2 | 0 | |a politika |
| 610 | 2 | 0 | |a dejiny |
| 610 | 2 | 0 | |a filozofia |
| 610 | 2 | 0 | |a osobnosť |
| 610 | 2 | 0 | |a štát |
| 610 | 2 | 0 | |a občania |
| 610 | 2 | 0 | |a sloboda |
| 610 | 2 | 0 | |a náboženstvo |
| 610 | 2 | 0 | |a demokracia |
| 610 | 2 | 0 | |a národ |
| 610 | 2 | 0 | |a fašizmus |
| 610 | 2 | 0 | |a liberalizmus |
| 100 | 1 | |a Bröstl, Alexander | |